Hacia el gobierno local que el país requiere
Tallennettuna:
| Päätekijä: | |
|---|---|
| Aineistotyyppi: | Teksti |
| Julkaistu: |
San José:
OFIPLAN
|
| Tagit: |
Lisää tagi
Ei tageja, Lisää ensimmäinen tagi!
|
MARC
| LEADER | 00000 a a2200000 04500 | ||
|---|---|---|---|
| 001 | 17099 | ||
| 003 | |||
| 040 | |||
| 090 | |a 007600 | ||
| 100 | |a Arias Sánchez, Oscar | ||
| 245 | |a Hacia el gobierno local que el país requiere | ||
| 260 | |a San José: |b OFIPLAN | ||
| 300 | |a 11 p. | ||
| 999 | |c 6118 |d 6118 | ||
